|
|
|
|
| LEADER |
00000nam a2200000 a 4500 |
| 001 |
vtls008935701 |
| 003 |
SK-MaSNL |
| 005 |
20260415095246.0 |
| 008 |
240318s2006 xo ol f 000 0 slo |
| 015 |
|
|
|a SNBA2007/03-00868
|
| 020 |
|
|
|a 8080736626
|q (brož.)
|
| 035 |
|
|
|a DDFBEC04-F8CA-4A63-A4A1-4F13F96FC5AA
|
| 035 |
|
|
|a urn:nbn:sk:snk-amktbp
|
| 035 |
|
|
|a urn:nbn:sk:snk-am0056di
|
| 040 |
|
|
|a SNK
|b slo
|c SNK
|e AACR2
|
| 041 |
0 |
|
|a slo
|
| 044 |
|
|
|a xo
|c SK
|
| 072 |
|
7 |
|a 628
|x Zdravotná technika. Úprava vody. Odpadové hospodárstvo. Svetelná technika
|2 konspekt
|
| 080 |
|
|
|a 628.477.6
|2 2001
|
| 080 |
|
|
|a (048.8)
|2 2001
|
| 080 |
|
|
|a 669.2/.8
|2 2001
|
| 100 |
1 |
|
|a Badida, Miroslav,
|d 1957-
|4 aut
|9 220921
|
| 245 |
1 |
0 |
|a Recyklácia odpadov z neželezných kovov
|b ["Recyklačné postupy a technológie v jednotlivých priemyselných odvetviach"] : KEGA 3/2155/04
|c Miroslav Badida, Martin Bosák, Monika Románová
|
| 250 |
|
|
|a [1. vyd.]
|
| 260 |
|
|
|a Košice
|b Katedra environmentalistiky a riadenia procesov Technickej univerzity
|c 2006
|
| 300 |
|
|
|a 49 s.
|b fotogr., sch., tab.
|c 29 cm
|
| 504 |
|
|
|a Bibliogr. s. 49
|
| 650 |
0 |
7 |
|a neželezné kovy
|2 SNKPH
|9 31041
|
| 650 |
0 |
7 |
|a recyklácia odpadu
|2 SNKPH
|9 29450
|
| 650 |
0 |
7 |
|a Nonferrous metals
|2 SNKPHeng
|9 310746
|
| 650 |
0 |
7 |
|a Waste recyclation
|2 SNKPHeng
|9 314206
|
| 655 |
|
7 |
|a štúdie
|2 SNKPH
|9 57033
|
| 655 |
|
7 |
|a Studies
|2 SNKPHeng
|9 265573
|
| 700 |
1 |
|
|a Bosák, Martin
|4 aut
|9 265530
|
| 700 |
1 |
|
|a Biľová, Monika,
|d 1980-
|4 aut
|9 225719
|
| 919 |
|
|
|a 80-8073-662-6
|
| 958 |
|
|
|a NB
|
| 968 |
|
|
|d 62
|
| 999 |
|
|
|c 654045
|d 655975
|
| 952 |
|
|
|a SNK
|b SNK
|y PREZ
|7 0
|p 17A0538307
|o snkSB 73691
|i snk2007/1363
|8 0
|0 0
|1 0
|4 0
|d 2007-01-16
|l 0
|r 2025-04-24 00:00:00
|w 2026-02-23
|
| 952 |
|
|
|a SNK
|b SNK
|y VYP
|7 0
|p 17A0538308
|o snkSB 73691 D1
|i snk2007/1364
|8 0
|0 0
|1 0
|4 0
|d 2007-01-16
|f 1
|l 0
|r 2016-06-30 00:00:00
|w 2026-02-23
|